000 00839nam a2200253Ia 4500
003 OSt
005 20220923212856.0
006 a|||||r|||| 00| 0
007 ta
008 220922b |||||||| |||| 00| 0 hin d
024 _a156,469
037 _cTextual
040 _aARTS
_cARTS
_bhin
041 _2hin
_ahin
082 _aO152,3N06:g, M1.1-.5
100 _aद्विवेदी, हजारी प्रसाद
245 0 _aगं्रथावली
246 _aGanrathāvalī
260 _aनई दिल्ली
_b राजकमल प्रकाशन
_c1981
300 _a111i`V
_ccm.
650 _aहिन्दी साहित्य
_9156264
942 _hO152,3N06:g, M1.1-.5
_cTEXL
_2CC
999 _c311782
_d311782